|
|
|
|
| LEADER |
00000nam0a2200000 4500 |
| 001 |
239878 |
| 005 |
20231101231714.0 |
| 035 |
|
|
|a (RuTPU)RU\TPU\book\261122
|
| 035 |
|
|
|a RU\TPU\book\164132
|
| 090 |
|
|
|a 239878
|
| 100 |
|
|
|a 20130617d1973 m y0rusy50 ca
|
| 101 |
1 |
|
|a rus
|c fre
|
| 102 |
|
|
|a RU
|
| 105 |
|
|
|a a z 001zb
|
| 200 |
1 |
|
|a Мария Кюри
|e пер. с фр.
|f Е. Кюри
|
| 205 |
|
|
|a 3-е изд.
|
| 210 |
|
|
|a Москва
|c Атомиздат
|d 1973
|
| 215 |
|
|
|a 352 с.
|c ил.
|
| 600 |
|
1 |
|a Склодовская-Кюри
|g Мария
|b М.
|c французский физик
|c химик
|f 1876-1934
|c Нобелевский лауреат
|2 stltpush
|3 (RuTPU)RU\TPU\pers\1471
|
| 606 |
1 |
|
|a Физики
|x Персоналии
|2 stltpush
|3 (RuTPU)RU\TPU\subj\67452
|9 83245
|
| 606 |
1 |
|
|a Радиоактивность
|2 stltpush
|3 (RuTPU)RU\TPU\subj\22349
|9 47123
|
| 610 |
1 |
|
|a физика
|
| 610 |
1 |
|
|a ученые
|
| 610 |
1 |
|
|a автобиографии
|
| 610 |
1 |
|
|a атомная энергия
|
| 610 |
1 |
|
|a 20 век
|
| 610 |
1 |
|
|a наука
|
| 610 |
1 |
|
|a научные открытия
|
| 675 |
|
|
|a 53(092)
|v 3
|
| 675 |
|
|
|a 539.16
|v 3
|
| 700 |
|
1 |
|a Кюри
|b Е.
|g Ева
|
| 801 |
|
1 |
|a RU
|b 63413507
|c 20090122
|g PSBO
|
| 801 |
|
2 |
|a RU
|b 63413507
|c 20210130
|g RCR
|
| 942 |
|
|
|c BK
|